000 00567nam a2200205Ia 4500
005 20260429112256.0
008 260429s9999||||xx |||||||||||||| ||und||
020 _a9780691190860
041 _aEnglish
082 _a822.33
_bART
100 _aArtese, Charlotte
245 0 _aShakespeare and the folktale :
_ban anthology of stories /
_cCharlotte Artese
250 _a1st ed.
260 _aPrinceton :
_bPrinceton University Press,
_c2019.
300 _ax, 377 p.; pbk
650 _a Anthology
650 _a Folktale
650 _aShakespeare
942 _cTB
999 _c53259
_d53259